000 01204nam a22002657a 4500
005 20170124102924.0
010 _aB-049289
020 _c125.00
_a8188162051
035 _aB-049289
037 _bCen Lib/Ret
040 _aDPL
_bHN
082 _a827
_bव्यासाचा
100 _aजोशी, हरी
_942788
245 _aतू-तू मै-में :
_cवयास्चार्य; संपादक राजशेखर ययास
_bहास्यरस की अनूठी पुस्तक /
246 _aTu-tu mei- mei : hasyaras ki anuthi pustak /
_bby Yyascharya; sampadan Rajshekhar Vyas
260 _aदिल्ली
_bहर्षिता प्रकाशन
_c2001
270 _aइ-११/5, कृष्ण नगर
_bदिल्ली
_e110051
300 _a123पृ.
_c19सेमी(सजिल्द)
650 _aहिंदी साहित्य
_942789
650 _aहिंदी कहानियां
_92082
650 _aHindi literature
_942790
650 _aHindi stories
_942791
700 _aव्यास, राजशेखर
_942792
942 _2ddc
_cHN
_h827
_mव्यासाच
999 _c111429
_d111429